Zgadnij kraj po klubie z niego - Statystyki

Ogólne statystyki
  • Ten quiz został rozwiązany 77 razy
  • Średni wynik to 10 z 17
Statystyki odpowiedzi
Obrazkowy Odpowiedź % Poprawnych
Hiszpania
100%
Portugalia
100%
Anglia
99%
Polska
93%
Australia
91%
Niemcy
91%
Rosja
84%
Ukraina
68%
Irlandia
58%
Meksyk
57%
Bośnia
55%
Japonia
41%
Chile
36%
Boliwia
19%
Panama
6%
Nigeria
3%
Filipiny
0%
Nie znaleziono quizów pasujących do podanych kryteriów
Rozkład punktacji
Procent ludzi z każdym wynikiem
Percentyl według liczby udzielonych odpowiedzi
Twoja historia wyników
Nie rozwiązałeś tego quizu